Türkiye'de modernleşme ve ulusal kimlik (Record no. 10042)
[ view plain ]
| 000 -BAŞLIK | |
|---|---|
| Sabit Uzunlukta Kontrol Alanı | 01025na a2200313 4500 |
| 001 - KONTROL NUMARASI | |
| Denetim Alanı | 13468 |
| 003 - KONTROL NUMARASI IDENTIFIER | |
| Denetim Alanı | MIRAKIL |
| 005 - SON İŞLEM TARİHİ VE ZAMANI | |
| Denetim Alanı | 20181213155305.0 |
| 008 - SABİT-BOY VERİ ELEMANLARI - GENEL BİLGİLER | |
| Sabit Uzunlukta Kontrol Alanı | 160908b tu 000 0 |
| 020 ## - ULUSLARARASI STANDART KİTAP NUMARASI | |
| Uluslararası Standart Kitap Numarası | 9753330766 |
| 035 ## - SİSTEM KONTROL NUMARASI | |
| Sistem Kontrol Numarası | 13468 |
| 040 ## - KATALOGLAMA KAYNAK | |
| Orijinal Kataloglama Ajansı | Milas |
| Kataloglama Dili | tur |
| Metne Dönüştürmek Ajansı | TR-AnCHP |
| 082 ## - DEWEY ONLU SINIFLANDIRMA NUMARASI | |
| Sınıflandırma Numarası | 305.8 |
| Ürün Numarası | T96 1999 |
| 090 ## - SINIFLAMA NUMARASI | |
| Sınıflama Numarası | 305.8 T96 1999 |
| 245 ## - BAŞLIK TABLOSU | |
| Başlık | Türkiye'de modernleşme ve ulusal kimlik |
| Sorumluluk Tablosu, Vb | Ed. Sibel Bozdoğan, Reşat Kasaba; çev.Nurettin Elhüseyni |
| 260 ## - YAYIN, DAĞITIM, VB | |
| Yayın, Dağıtım, Vb Yeri | İstanbul |
| Yayıncı, Dağıtıcı, Vs Adı | Tarih Vakfı Yurt Yayınları |
| Yayın, Dağıtım, Vb Tarihi | 1999 |
| 300 ## - FİZİKSEL TANIM | |
| Kapsam | 223 s. |
| Diğer Fiziksel Ayrıntıları | res. |
| Boyutlar | 21 sm. |
| 490 ## - SERİSİ TABLOSU | |
| Seri Beyanı | Tarih Vakfı Yurt yayınları |
| Hacim / Ardışık Tanımı | 55 |
| 500 ## - GENEL NOT | |
| Genel Not | Özgün yapıt adı : Rethinking modernity and national identity in Turkey |
| 504 ## - KAYNAKÇA VB NOT | |
| Kaynakça Vb Notu | 2. bs. |
| 650 ## - KONU KATMA GİRİŞ - TOPİKAL DÖNEM | |
| Topikal Süreli Veya Coğrafi Ad Giriş Elemanı | Ulusalcılık |
| Coğrafi Alt Bölümü | Türkiye |
| 650 ## - KONU KATMA GİRİŞ - TOPİKAL DÖNEM | |
| Topikal Süreli Veya Coğrafi Ad Giriş Elemanı | Türkler |
| Genel Alt Bölümü | Etnik kimlik |
| 651 ## - KONU KATMA GİRİŞ - COĞRAFİ ADI | |
| Coğrafi İsim | Türkiye |
| Genel Alt Bölümü | Toplumsal değişim |
| Kronolojik Alt Bölümü | 20. yüzyıl |
| 651 ## - KONU KATMA GİRİŞ - COĞRAFİ ADI | |
| Coğrafi İsim | Türkiye |
| Genel Alt Bölümü | Uygarlık |
| Kronolojik Alt Bölümü | 20. yüzyıl |
| 700 ## - KATMA GİRİŞ - KİŞİSEL İSİM | |
| Kişisel Ad | Kasaba, Reşat |
| 700 ## - KATMA GİRİŞ - KİŞİSEL İSİM | |
| Kişisel Ad | Elhüseyni, Nurettin |
| 700 ## - KATMA GİRİŞ - KİŞİSEL İSİM | |
| Kişisel Ad | Bozdoğan, Sibel |
| 942 ## - EKLENDİ GİRİŞ ELEMANLARI (KOHA) | |
| Sınıflandırma Veya Raf Düzeni Kaynak | |
| Koha Öğesi Türü | Books |
| 999 ## - SİSTEM KONTROL NUMARALARI (KOHA) | |
| Koha Biblionumber | 10042 |
| Koha Biblioitemnumber | 10042 |
| Kalıcı Konum | Mevcut Konum | Edinme Tarihi | Edinim Kaynak | Toplam Check-Out'Lar | Tam Çağrı Numarası | Barkod | Tarih Son Görülme | İtibaren Geçerli Fiyatlar | Koha Öğesi Türü | Sigara Kamu Notu |
|---|---|---|---|---|---|---|---|---|---|---|
| CHP Kütüphanesi | CHP Kütüphanesi | 08/14/2016 | Bağış | 305.8 T96 1999 | 001211 | 08/14/2016 | 08/14/2016 | Books | ||
| Parti Okulu Kütüphanesi | Parti Okulu Kütüphanesi | 06/29/2021 | 305.8 T96 1999 | P00773 | 06/29/2021 | 06/29/2021 | Books | Emin Değer Bağışıdır. |
